Pakistan HandBook (Record no. 332496)

000 -LEADER
fixed length control field 00438 a2200145 4500
003 - CONTROL NUMBER IDENTIFIER
control field NUST
005 - DATE AND TIME OF LATEST TRANSACTION
control field 20171211105744.0
008 - FIXED-LENGTH DATA ELEMENTS--GENERAL INFORMATION
fixed length control field 160817b xxu||||| |||| 00| 0 eng d
020 ## - INTERNATIONAL STANDARD BOOK NUMBER
International Standard Book Number 9781566910699
040 ## - CATALOGING SOURCE
Transcribing agency NUST
082 ## - DEWEY DECIMAL CLASSIFICATION NUMBER
Classification number 954.91
Author Mark SHA
100 ## - MAIN ENTRY--PERSONAL NAME
Personal name Isobel Shaw
9 (RLIN) 7111
245 ## - TITLE STATEMENT
Title Pakistan HandBook
250 ## - EDITION STATEMENT
Edition statement 2nd
260 ## - PUBLICATION, DISTRIBUTION, ETC.
Date of publication, distribution, etc. 1998
Place of publication, distribution, etc. Hong Kong:
Name of publisher, distributor, etc. Moon publication,
300 ## - PHYSICAL DESCRIPTION
Extent 661 pages
504 ## - BIBLIOGRAPHY, ETC. NOTE
Bibliography, etc. note Include bibliography
650 ## - SUBJECT ADDED ENTRY--TOPICAL TERM
Topical term or geographic name entry element Pakistan- Handbook
9 (RLIN) 7112
942 ## - ADDED ENTRY ELEMENTS (KOHA)
Koha item type Book
Source of classification or shelving scheme
Holdings
Withdrawn status Lost status Source of classification or shelving scheme Damaged status Not for loan Collection code Permanent Location Current Location Shelving location Date acquired Total Checkouts Full call number Barcode Date last seen Copy number Price effective from Koha item type
            Central Library (CL) Central Library (CL) Book Cart 12/11/2017   954.91 SHA CL988 Dup 12/11/2017 1 12/11/2017 Book
© 2023 Central Library, National University of Sciences and Technology. All Rights Reserved.